Standard terms and conditions of business for agency instructions. (Record no. 89935)

MARC details
000 -LEADER
fixed length control field 01269cam a2200337 4500
001 - CONTROL NUMBER
control field M1771
008 - FIXED-LENGTH DATA ELEMENTS--GENERAL INFORMATION
fixed length control field 090401t1995 xxu||||| |||| 00| 0 eng d
035 ## - SYSTEM CONTROL NUMBER
System control number (Sirsi) u34394
041 ## - LANGUAGE CODE
Language code of text/sound track or separate title eng
050 ## - LIBRARY OF CONGRESS CALL NUMBER
Classification number 333.33026
100 ## - MAIN ENTRY--PERSONAL NAME
Personal name Herbert-Smith, Tim
245 ## - TITLE STATEMENT
Title Standard terms and conditions of business for agency instructions.
260 ## - PUBLICATION, DISTRIBUTION, ETC.
Place of publication, distribution, etc. London
Name of publisher, distributor, etc. RICS Benevolent Fund
Date of publication, distribution, etc. 1995
300 ## - PHYSICAL DESCRIPTION
Extent ii,20,2p. ; 30cm.
350 ## - PRICE (NR) (BK AM CF MU VM SE) [OBSOLETE]
Price 88.12
520 ## - SUMMARY, ETC.
Summary, etc. Compiled by the Terms of Engagement Working Party of the RICS General Practice Division Central London Branch, the document brings together standard terms used by a number of leading agents in commercial transactions. .
650 ## - SUBJECT ADDED ENTRY--TOPICAL TERM
Topical term or geographic name entry element AGENCY INSTRUCTIONS
650 ## - SUBJECT ADDED ENTRY--TOPICAL TERM
Topical term or geographic name entry element PROPERTY-COMMERCIAL PROPERTY
650 ## - SUBJECT ADDED ENTRY--TOPICAL TERM
Topical term or geographic name entry element CONDITIONS OF ENGAGEMENT
650 ## - SUBJECT ADDED ENTRY--TOPICAL TERM
Topical term or geographic name entry element ESTATE AGENCY
650 ## - SUBJECT ADDED ENTRY--TOPICAL TERM
Topical term or geographic name entry element ESTATE AGENTS ACT 1979
650 ## - SUBJECT ADDED ENTRY--TOPICAL TERM
Topical term or geographic name entry element STANDARD TERMS
690 ## - LOCAL SUBJECT ADDED ENTRY--TOPICAL TERM (OCLC, RLIN)
Topical term or geographic name as entry element MANAGEMENT-BUSINESS MANAGEMENT-PROFESSIONAL PRACTICE
700 ## - ADDED ENTRY--PERSONAL NAME
Personal name Taylor, Richard
700 ## - ADDED ENTRY--PERSONAL NAME
Personal name French, Ivor A.
710 ## - ADDED ENTRY--CORPORATE NAME
Corporate name or jurisdiction name as entry element Royal Institution of Chartered Surveyors
Subordinate unit Benevolent Fund
9 (RLIN) 3408
710 ## - ADDED ENTRY--CORPORATE NAME
Corporate name or jurisdiction name as entry element Nabarro Nathanson
9 (RLIN) 3048
710 ## - ADDED ENTRY--CORPORATE NAME
Corporate name or jurisdiction name as entry element Royal Institution of Chartered Surveyors
Subordinate unit Central London Branch
9 (RLIN) 786
942 ## - ADDED ENTRY ELEMENTS (KOHA)
Suppress in OPAC 0
948 ## - LOCAL PROCESSING INFORMATION (OCLC); SERIES PART DESIGNATOR (RLIN)
c (OCLC) 04/03/1997
Holdings
Withdrawn status Lost status Source of classification or shelving scheme Damaged status Not for loan Home library Current library Shelving location Date acquired Cost, normal purchase price Total Checkouts Full call number Barcode Date last seen Date last checked out Copy number Cost, replacement price Price effective from Koha item type
    Dewey Decimal Classification     London London Folio 31/05/1995 88.12 8 F333.33026 30045861 06/08/2019 07/08/2003 1 88.12 06/08/2019 Book